| 000 | 01343cam a2200289 4500 | ||
|---|---|---|---|
| 001 | E130463 | ||
| 008 | 000000n2005 000 0 eng u | ||
| 020 | _a0755926048 | ||
| 035 | _a(Sirsi) u130463 | ||
| 041 | _aeng | ||
| 050 |
_a711.1 _c18 |
||
| 110 |
_aScottish Executive Development Department _93786 |
||
| 245 | _aMinimum standards for open space | ||
| 260 |
_aEdinburgh _bScottish Executive Development Department _c2005 |
||
| 300 |
_aiv, 115p. _c30cm. |
||
| 350 | _a0 | ||
| 520 | _aScottish Ministers are committed to a review of planning guidance to establish a practical minimum standard or set of standards for open space provision in new development, especially new residential development. This study, commissioned by the Scottish Executive, is intended to inform the forthcoming review of "National Planning Policy Guideline 11: sport, physical recreation and open space" (NPPG 11) | ||
| 590 | _aIKA020805 | ||
| 650 | _aDEVELOPMENT PLANNING | ||
| 650 | _aNPPG11 | ||
| 650 | _aOPEN SPACE | ||
| 650 | _aSCOTLAND | ||
| 690 | _aENVIRONMENTAL AND LAND CONSULTANCY-PLANNING AND DEVELOPMENT-PLANNING GUIDANCE | ||
| 710 |
_aIronside Farrar Ltd, Edinburgh _94752 |
||
| 856 |
_uhttps://www.scotland.gov.uk/Publications/2005/07/18104215/42175 _zView the White Paper free of charge at www.scotland.gov.uk... |
||
| 942 | _n0 | ||
| 999 |
_c104463 _d104463 |
||